[Event "Olympiad-36"]
[Site "Mallorca"]
[Date "2004.10.29"]
[Round "14"]
[White "Berg, Emanuel"]
[Black "Castellanos, Renier"]
[Result "1-0"]
[WhiteElo "2529"]
[BlackElo "2449"]
[Annotator "Gofshtein,L"]
[PlyCount "59"]
[EventDate "2004.10.15"]
[EventType "team-swiss"]
[EventRounds "14"]
[EventCountry "ESP"]
[SourceTitle "CBM 104"]
[Source "ChessBase"]
[SourceDate "2005.01.27"]
[SourceVersion "1"]
[SourceVersionDate "2005.01.27"]
[SourceQuality "1"]
[WhiteTeam "Sweden"]
[BlackTeam "Chile"]
[WhiteTeamCountry "SWE"]
[BlackTeamCountry "CHI"]

{[%mdl 128]} 1. e4 c5 2. Nf3 d6 3. d4 cxd4 4. Nxd4 Nf6 5. Nc3 a6 6. Bg5 e6 7.
f4 Nbd7 8. Qf3 h6 {8...Qc7 and 8...Be7 are played more often.} 9. Bxf6 {
9.Bh4 is a fine alternative.} (9. Bh4 g5 (9... Qa5 10. Be2 g5 11. Nb3 $16 {
... (49). 1/2-1/2 Wagner,H-Gutman,L/Mengen 1990/GER (34)}) 10. fxg5 Nh7 11.
O-O-O Ne5 12. Qe3 Be7 13. Nf3 hxg5 14. Bg3 $16 {1-0 Bueno Perez,L-Barlov,D/
Tjentiste 1975/EXT 2001 (28)}) 9... Nxf6 {Another recapture gives white a
clear edge.} (9... Qxf6 10. O-O-O g5 11. f5 Ne5 12. Qh5 $16 {1/2-1/2 Petijevic,
V-Narandzic,V/Jahorina 2000/EXT 2001 (25)}) 10. O-O-O Qc7 11. Bd3 e5 {11...b5
deserved serious attention with the idea to throw the white knigth out of c3
first and only then to play e6-e5.} (11... Bd7 12. Rhe1 O-O-O 13. e5 Ne8 14. g4
Be7 15. Kb1 Kb8 $14 16. Be4 Bc8 17. Qf2 d5 18. Bf3 Qc5 19. Re3 Nc7 20. Nb3 Qa7
21. Ne2 Bd7 {1/2-1/2 Meszaros,T-Haag,E/Hungary 2000/EXT 2002 (21)}) (11... b5
$5 12. g4 b4 13. Nce2 e5 14. Nf5 Be6 $132) 12. Nf5 exf4 $2 $146 {Black is
mistaking when he opens the position. The correct move is 12...Be6 getting a
perfectly playable position.} (12... Be6 $5 13. Nd5 Bxd5 14. exd5 Nd7 15. Rhe1
O-O-O 16. Re4 $14 {1-0 Boey,J-Gutman,L/Brussels 1987/TD (40)}) 13. Rhe1 $1 {
[%cal Re1e8] White is preparing the e4-e5 advance trying to take advantage of
his great development edge.} g6 14. e5 $1 {[%mdl 512] A decisive breakthrough
in the centre. White has a very beautiful combination in mind.} (14. Nd5 Nxd5
15. exd5+ Kd8 16. Nd4 h5) 14... dxe5 15. Bb5+ $1 {[%mdl 512] White is playing
very imaginatively, holding on to his initiative with the aid of sacrifices.} (
15. Qxf4 gxf5 16. Bb5+ axb5 17. Nxb5 Qb8 18. Qxe5+ Qxe5 19. Nc7+ Ke7 20. Rxe5+
Be6 21. Nxa8 h5 $17) 15... axb5 {15...Bd7 is also bad in view of 16.Nd5.} (
15... Bd7 16. Nd5 $1 Nxd5 17. Bxd7+ Kxd7 18. Qxd5+ Kc8 19. Re4 $18) 16. Nxb5
Qxc2+ {In case of 16...Qb8 a sequence of the sacrifices decides as the next
lines show:} (16... Qb8 17. Rxe5+ $3 Qxe5 18. Qe2 $3 Ne4 (18... Qxe2 19. Nc7#)
19. Qxe4 f6 20. Nc7+ Kf7 21. Qc4+ Be6 22. Nxe6 gxf5 23. Nd8+ Kg6 24. Qf7+ Kg5
25. h4+ Kxh4 26. Qg6 $18) 17. Kxc2 Bxf5+ 18. Kc1 Rc8+ 19. Nc3 $18 {White has a
large material advantage and his victory is only a matter of time.} e4 (19...
Ng4 20. Qxf4 Bg7 21. Qa4+ $18) 20. Qxf4 Be7 21. Kb1 {Moving the king away from
a dangerous area and freeing the pinned knight.} O-O 22. Qxh6 Bb4 23. Rc1 Rfd8
24. h3 {Preparing g2-g4.} e3+ 25. Ka1 Ne4 26. g4 Nxc3 27. gxf5 {Getting rid of
the light squared bishop and getting to the black king.} Ra8 28. Rxc3 Bxc3 29.
fxg6 fxg6 30. bxc3 1-0

[Event "EU-ch 5th"]
[Site "Antalya"]
[Date "2004.05.25"]
[Round "10"]
[White "Haznedaroglu, Kivanc"]
[Black "Van der Stricht, Geert"]
[Result "1-0"]
[WhiteElo "2395"]
[BlackElo "2450"]
[Annotator "Gofshtein,L"]
[PlyCount "79"]
[EventDate "2004.05.15"]
[EventType "swiss"]
[EventRounds "13"]
[EventCountry "TUR"]
[SourceTitle "CBM 101"]
[Source "ChessBase"]
[SourceDate "2004.07.27"]
[SourceVersion "1"]
[SourceVersionDate "2004.07.27"]
[SourceQuality "1"]

1. e4 c5 2. Nf3 d6 3. d4 cxd4 4. Nxd4 Nf6 5. Nc3 a6 6. Bg5 e6 7. f4 Nbd7 8. Qf3
Qc7 9. O-O-O b5 10. Bxf6 {A relatively unanalyzed line. 10.Bd3 or 10.e5 are
more common and lead to a long forced lines.} (10. Bd3 Bb7 11. Rhe1) (10. e5
Bb7 11. Qh3 dxe5 12. Nxe6 fxe6 13. Qxe6+) 10... Nxf6 11. e5 Bb7 12. Qh3 $5 {
12.Qe3 has also been played with an unclear game.} (12. Qe3 dxe5 13. Ncxb5 Qb6
(13... axb5 14. Bxb5+ Nd7 (14... Ke7 $2 15. Nc6+ Bxc6 16. Qc5+ $18) 15. Nxe6
fxe6 16. Rxd7 Qxd7 17. Bxd7+ Kxd7 18. Rd1+ $40) 14. fxe5 Nd5 15. Qg3 O-O-O (
15... axb5 $5 16. Bxb5+ Ke7 17. c4 $13) 16. Na3 {1-0 Hector,J-Van der Stricht,
G/Plovdiv 2003/CBM 98 (55)}) 12... dxe5 13. Ncxb5 $5 {[%mdl 512] This
sacrifice is the main idea of this original variation.} Qb6 {If black accepts
the sacrifice his king stays in the center and doesn't feel too comfortable.
In this unclear position white succeeded to win the next game:} (13... axb5 14.
Bxb5+ Ke7 15. fxe5 Nd5 16. Kb1 {1-0 Haznedaroglu,K-Georgiev,K/Antalya 2001/CBM
81 ext (31)}) 14. fxe5 Nd5 (14... Ne4 $5 {[%cal Re4f2] deserves attention and
as the practice shows black gets a fine play.} 15. Bc4 (15. Qb3 $5 $13) 15...
Be7 $5 (15... O-O-O $2 16. Nxe6 Rxd1+ 17. Rxd1 $18 {1-0 Krakops,M-Skomorokhin,
R/Berlin 1993/EXT 97 (22)}) (15... axb5 16. Bxb5+ Ke7 17. Rhe1 Rxa2 18. Rxe4
Bxe4 19. Qh4+ f6 20. Qxe4) 16. Nd6+ Bxd6 17. exd6 O-O 18. Rhf1 Nxd6 $132 {
0-1 Thinius,M-Kuczynski,R/Germany 1998/GER-chT (68)}) 15. Na3 Bc5 16. Nc4 {
White's experimental opening play worked well for him, he got an extra pawn.}
Qc7 17. Nb3 {White tries to stabilize the position. Black's pair of bishops
and a weak e5 pawn give black some compensation.} Be7 18. Kb1 Rd8 {[%cal Rd5c3,
Rd8d1]} 19. Be2 {Developing the bishop and connecting the rooks.} O-O (19...
Nf4 20. Rxd8+ Qxd8 21. Qg4) 20. Rhf1 {[%cal Rf1f8] Bringing the rook to the
center and further consolidating the position.} Nb4 {[%cal Rb7d5,Yb4c6,Rc6e5]
Black opens his bishop and transfers the knight to c6 to attack the e5 pawn.}
21. Nbd2 Bd5 22. a3 Nc6 23. Bd3 g6 24. Rde1 {[%cal Ye1e5,Yc4e5] White defends
the e5 pawn and has a good position.} Rb8 {[%cal Yb8b2] Black tries to
activate the rook. The profilactic 24...Kg7 also deserved attention not
letting the white queen to h6.} (24... Kg7 $5 25. Qg3 $36 {[%cal Rh2h5]}) 25.
Qh6 {White immideatly takes advantage of black's inaccuracy and starts an
attack.} Na5 {Of course taking on g2 is dangerous. White gets a winning attack
in that case.} (25... Bxg2 $2 26. Rg1 Bd5 27. Re3 {[%cal Re3h3,Rg1g6]}) 26. Re3
{[%cal Ye3h3] White tries to get to the black king not fearing to sacrifice.}
Nxc4 (26... f5 $5 27. Qf4 (27. exf6 $2 Bxf6 {[%cal Rf6b2]}) (27. Rg3 Nxc4 28.
Rxg6+ hxg6 29. Qxg6+ Kh8 $11 30. Nxc4 $2 Bc5 $19)) 27. Rh3 $2 {White acts too
straight forward and gets a totally losing position. The right move was 27.Bc4
exchanging black's dangerous knight.} (27. Bxc4 $5) 27... Rxb2+ $1 (27... Nxd2+
$5 28. Ka1 Bh4 29. Rxh4 f5 30. Qxd2 Qxe5 31. Rb1 (31. c3)) 28. Kc1 Rxc2+ $1 {
By sacrificing the rook black opens the white king.} 29. Bxc2 Bxa3+ 30. Kd1
Nb2+ (30... f5 $5 31. exf6 Nxd2 32. Qxd2 Bd6 $44) 31. Ke1 Qxe5+ $4 {[%mdl 8192]
Black brilliantly led his counter attack but now makes a severe mistake and
loses.} (31... f5 $5 32. exf6 Bb4 $36) 32. Be4 $1 Nd3+ (32... Qh8 33. Rxa3 Bxe4
34. Nxe4 $18) 33. Ke2 $18 Nc1+ 34. Rxc1 Rd8 35. Qxh7+ Kf8 36. Qh8+ {After the
exchange of queens the win is simple.} Qxh8 37. Rxh8+ Ke7 38. Rxd8 Bxc1 39. Rc8
Bxe4 40. Nxe4 1-0

[Event "RUS-ch U20"]
[Site "Nojabrsk"]
[Date "2005.03.08"]
[Round "7"]
[White "Kurnosov, Igor"]
[Black "Kuznetsov, Viktor2"]
[Result "1-0"]
[WhiteElo "2538"]
[BlackElo "2416"]
[Annotator "Gofshtein,L"]
[PlyCount "87"]
[EventDate "2005.03.02"]
[EventType "tourn"]
[EventRounds "11"]
[EventCountry "RUS"]
[EventCategory "11"]
[SourceTitle "CBM 106"]
[Source "ChessBase"]
[SourceDate "2005.06.06"]
[SourceVersion "1"]
[SourceVersionDate "2005.06.06"]
[SourceQuality "1"]

1. e4 c5 2. Nf3 d6 3. d4 cxd4 4. Nxd4 Nf6 5. Nc3 a6 6. Bg5 e6 7. f4 Nbd7 8. Qf3
Qc7 9. O-O-O b5 10. Bxb5 {[%mdl 512] An interesting piece sacrifice. Except
this move white has a wide choice of options. He has tried calm lines such as
10.a3 or 10.Bd3 or the sharper 10.e5. As the tournament practice shows
complicated positions with mutual chances arise.} (10. a3 Bb7 11. g4 Be7 12.
Bxf6 Nxf6 (12... Bxf6 13. g5 Bxd4 14. Rxd4 O-O {0-1 Leko,P-Gelfand,B/Monaco
MNC 2001/The Week in Chess 333 (38)}) 13. g5 Nd7 14. Bh3 Nc5 15. Rhg1 g6 {
1/2-1/2 Leko,P-Shirov,A/Monaco MNC 2001/The Week in Chess 334 (45)}) (10. Bd3
Bb7 11. Rhe1 O-O-O 12. a3 Be7 13. Qe2 $5 {1/2-1/2 Adams,M-Gelfand,B/Wijk aan
Zee 1994/CBM 39/[Gelfand] (45)}) (10. e5 Bb7 11. Qh3 dxe5 12. Nxe6 fxe6 13.
Qxe6+ Be7 14. Nxb5 {0-1 Kamsky,G-Gelfand,B/Linares 1993/CBM 34/[Gelfand] (80)})
10... axb5 11. Ndxb5 Qb6 {Usually, black plays 11...Qb8 which leads to
positions where white has compensation for the sacrificed piece.} (11... Qb8) (
11... Qb8 12. e5 Ra5 (12... Bb7 13. Qe2 dxe5 14. Qc4 Be7 15. Nc7+ Kf8 16. Rxd7
Nxd7 17. Bxe7+ $5 (17. Rd1 Bxg5 18. fxg5 Bc8 19. N3b5 g6 $13 {Kengis - Dvojris,
URS 1982.}) 17... Kxe7 18. Rd1 Bd5 19. N3xd5+ exd5 20. Nxd5+ $44 {1/2-1/2 Van
der Wiel,J-Renet,O/Cannes 1992/CBM 28/[Ernst] (30)}) 13. exf6 gxf6 14. Bh6 Bxh6
15. Nxd6+ Ke7 16. Kb1 $44) 12. e5 Bb7 13. Qe2 {In case of 13.Rd6 as the
variations show white doesn't have enough compensation for the sacrificed
piece.} (13. Rxd6 Bxf3 14. Rxb6 Nxb6 15. exf6 Bc6 16. Nc7+ (16. Rd1 Bxb5 17.
Nxb5 Nd5 18. Rxd5 exd5 19. Nc7+ Kd7 20. Nxa8 Bc5 $17 21. fxg7) 16... Kd7 17.
Nxa8 Bxa8 18. Rd1+ Kc7) 13... dxe5 {13...h6 was also played leading to
complicated positions.} (13... h6 14. Bxf6 (14. Nxd6+ Bxd6 15. Rxd6 Qb4 $17)
14... gxf6 15. Nxd6+ Bxd6 16. Rxd6 Qb4 17. Qd2 Nb6 $13 {0-1 Hellers,F-Ivanov,I/
Philadelphia 1992/TD (45)}) (13... Ne4 $6 14. Nxe4 Bxe4 15. exd6 $40 {1-0 De
Wit,J-Gutman,L/Wijk aan Zee 1984/MCL (19)}) 14. fxe5 Qc5 $5 $146 {[%cal Rc5g5]
[%mdl 8] A novelty. 14...Nd5 was previously played. In this case as the games
show white has a strong attack.} (14... Nd5 15. Nxd5 $5 (15. Rxd5 $5 exd5 16.
Nd6+ Bxd6 17. exd6+ Kf8 18. Qe7+ Kg8 19. Qxd7 Bc6 20. Qf5 h6 21. Be7 g6 22. Qe5
$44 {1-0 Tokmachev,V-Narmontas,T/Birstonas 2002/CBM 089 ext (38)}) 15... Bxd5
16. Rxd5 $5 exd5 17. Rf1 $6 (17. Nd6+ $5 Bxd6 18. exd6+ Kf8 19. Qe7+ Kg8 20.
Qxd7 h6 21. Be7 $5 (21. Rf1 hxg5 22. Qxf7+ $11 {0-1 Korchagina,V-Bodnaruk,A/
Heraklio 2004/EXT 2005 (33)}) 21... Rxa2 22. Qc8+ Kh7 23. Qf5+ Kg8 24. d7 Qxb2+
25. Kd2 Qd4+ 26. Ke2 Rxc2+ 27. Qxc2 Qg4+ 28. Kd2 Qxd7 29. Ra1 $36 {0-1 Niering,
M-Lehmann,K/Germany 1994/GER (75)}) 17... Nc5 18. Qh5 Qb7 19. Rxf7 g6 20. Rxf8+
Kxf8 21. Qf3+ Qf7 $17 {0-1 Liss,E-Istratescu,A/Rishon Le Ziyyon 1990/EXT 99 
(40)}) 15. exf6 Qxg5+ 16. Kb1 Qxg2 $8 (16... Rc8 17. Qd3 {[%cal Rd3d7]} Bc6 18.
Na7 $5 $40) 17. Qd3 {[%cal Rd3d7] The preliminary 17.Nc7 was also possible.} (
17. Nc7+ Kd8 18. Qd3 Qc6 (18... Kxc7 $2 19. Qxd7+ Kb8 20. fxg7 Bxg7 21. Qd6+
Kc8 22. Rhg1 $18) 19. Nxa8 Bxa8 20. Rhf1 $13) 17... Qc6 18. Qg3 {[%cal Rb5c7,
Rf6g7] Creating two threats - 19.Nc7 and 19.fg.} gxf6 19. Nc7+ Ke7 {It was
worth considering 19...Kd8 removing the king from the centre.} (19... Kd8 $5
20. Nxa8 Bxa8) 20. Nxa8 Bxa8 21. Rhe1 {[%cal Rc3d5] Bringing the rook to the
centre and putting more pressure.} Qb6 (21... Kd8 22. Qb8+ Qc8 23. Qf4 Be7 $13
24. Ne4) 22. Nb5 {[%cal Rg3a3] Threatening 23.Qa3 and bringing the queen to
the game this way.} (22. Ne4 $5 Ke8 23. Qf3 Bxe4 24. Qxe4) 22... Qxb5 23. Qa3+
Nc5 (23... Qc5 24. Qxa8 Qc7 $13) 24. Qxa8 Bg7 {24...Qb6 deserved attention,
covering the a7 square and not letting white to activize his queen.} (24... Qb6
$5 {[%cal Rb6a7]} 25. Qa3 Bg7 26. Re4 f5 27. Rb4 Rd8 $36) 25. Qa7+ Nd7 26. Qa3+
Nc5 27. Qa7+ Nd7 28. Re3 {[%cal Re3d3,Re3b3] Bringing the rook to the attack.}
f5 $6 {Black gives away his queen, hoping to get some compensation.} (28... Rd8
29. a4 Qf5 30. Qc7 Bh6 31. Red3 {[%cal Rd3d7]} e5) 29. Rb3 Qc6 30. Rxd7+ Qxd7
31. Rb7 Rd8 32. a4 {White starts to advance his pawns. The preliminary 32.Qc5
also looks not bad.} (32. Qc5+ Ke8 (32... Kf6 33. Rxd7 Rxd7 34. a4 e5 35. a5
Rd1+ 36. Ka2 Rd4 37. Qc6+ Kg5 38. a6 $18) 33. Rxd7 Rxd7 34. a4 Bd4 35. Qb5 Ke7
36. b4 Rc7 37. c4) 32... Bd4 $5 {Black activizes his bishop, preparing the
advance of his passed f-pawn and preventing from white to advance his pawns.}
33. Rxd7+ Rxd7 34. Qb8 Be3 35. c4 f4 36. Qe5 $5 {Centralizing the queen and
preventing from the f-pawn to advance.} f6 37. Qh5 $5 {Again preventing from
the black pawns to advance.} Kd6 {It was worth considering the immideate
activization of the black pawns with 37...f5. In this case white's task would
be more difficult.} (37... f5 $5 38. Qxh7+ Kd6 39. Qg8 Ke5 40. Qb8+ Ke4 41.
Qa8+ Ke5) 38. b4 {Naturally starting to advance his pawns.} f5 39. c5+ Ke5 40.
c6 {Black tries to activize his pieces, in order to stop the white pawns.} (40.
Kc2 $5 Rd4 41. Kb3 Rd3+ 42. Kc4 Rd4+ 43. Kb5 Bd2 44. Qe2+ Kf6 45. a5 Rxb4+ 46.
Kc6 Be3 47. a6 $18) 40... Rd4 {[%cal Rd4b4]} 41. b5 (41. Qe8 $5 Rxb4+ 42. Ka2
Rxa4+ (42... Bb6 43. Qb8+ Kd5 44. c7 Rxa4+ 45. Kb3 Bxc7 46. Qb5+ $18) 43. Kb3
Ra7 44. Qb8+ Ke4 45. c7 Rxc7 46. Qxc7) 41... Rxa4 (41... Rb4+ 42. Kc2 Rxa4 43.
Kb3 $1 Ra5 44. Qe2 Ra8 45. b6 Rb8 46. Qb5+ Kd6 47. c7 $18) 42. c7 Rc4 43. b6
$18 Kd6 44. Qd1+ (44. Qd1+ Bd4 45. Qd3 Rb4+ 46. Kc2 Rxb6 47. c8=Q $18) 1-0

[Event "Olomouc Skanska Cup"]
[Site "Olomouc"]
[Date "2004.08.08"]
[Round "5"]
[White "Simacek, Pavel"]
[Black "Lagowski, Patryk"]
[Result "0-1"]
[WhiteElo "2439"]
[BlackElo "2415"]
[Annotator "Gofshtein,L"]
[PlyCount "44"]
[EventDate "2004.08.04"]
[EventType "tourn"]
[EventRounds "11"]
[EventCountry "CZE"]
[EventCategory "9"]
[SourceTitle "CBM 103"]
[Source "ChessBase"]
[SourceDate "2004.11.11"]
[SourceVersion "1"]
[SourceVersionDate "2004.11.11"]
[SourceQuality "1"]

1. e4 c5 2. Nf3 d6 3. d4 cxd4 4. Nxd4 Nf6 5. Nc3 a6 6. Bg5 e6 7. f4 Nc6 {
Black chooses a relatively rare line in the Rauzer} 8. Nxc6 bxc6 9. e5 h6 10.
Bh4 {Of course, white wishes to keep the bishop. After 10.exf6 black seizes
the initiative.} (10. exf6 $6 hxg5 11. fxg5 gxf6 12. Qf3 d5 13. O-O-O fxg5 14.
Bc4 g4 $1 $17 {Hector,J-Oll,L/Debrecen/1989/0-1/ -> CBM14}) 10... g5 (10...
dxe5 $6 11. Qxd8+ Kxd8 12. fxe5 g5 13. O-O-O+ $14) 11. fxg5 Nd5 12. Ne4 {
The main line of the variation. As the games given below show 13.Qg4 deserves
attention.} (12. Nxd5 cxd5 (12... exd5 13. Qe2 hxg5 14. Bg3 Qa5+ 15. Qd2 Qxd2+
16. Kxd2 Be6 $1 $10 {Yermolinsky-Browne, USA(ch) 1992}) 13. Qh5 (13. Qg4 $5 {
Sandler} dxe5 $6 (13... Be7) 14. g6 f5 15. Bxd8 $1 (15. g7 fxg4 16. gxh8=Q
Qxh4+ $146) 15... fxg4 16. Bf6 Rg8 17. Bxe5 Bg7 18. Bxg7 Rxg7 19. Bd3 $16 {
Panajotov-Sandler, Albena 1989}) 13... Qb6 $5 14. Be2 Bg7 15. Rf1 (15. g6 O-O
16. Bf6 Ra7 $1 17. Bxg7 Kxg7 18. gxf7 Raxf7 19. Qg4+ $1 Kh8 20. O-O-O Qe3+ 21.
Kb1 dxe5 22. Rhe1 Rg7 $15 {Mackic,-Maksimenko, Jugo. 1994}) 15... Ra7 16. Bf2
d4 17. O-O-O dxe5 $15 {Sakharov-Odeev/corr/1989/}) (12. exd6 hxg5 13. Bf2 Bxd6
14. Qd4 f6 15. O-O-O Bf4+ 16. Kb1 Be5 17. Qd3 Nxc3+ 18. bxc3 Rb8+ $17 {
Meyers-Savchenko, Bern,1993}) 12... Qb6 $1 {A typical move for this line.
Black activates his queen and is trying to seize the initiative.} (12... dxe5
13. Nf6+ Nxf6 14. Qxd8+ Kxd8 15. gxf6 $14) 13. c3 {After this move black has
good counter chances. 13.Bd3 deserves serious attention, in this case white
had chances to seize the initiative.} (13. c4 dxe5 14. cxd5 Qb4+ 15. Nc3 Qxh4+
$132 {0-1 Bauer,P-Stangl,M/Germany 1990/GER-chT (29)}) (13. Bd3 $5 hxg5 14.
Bxg5 (14. Bf2 $1 Qxb2 15. O-O Qxe5 16. Bg3 $1 Qd4+ 17. Kh1 Ne3 18. Qf3 Nxf1 19.
Rxf1 f5 20. c3 $1 Qb6 (20... g4 $6 21. Qe2 Qg7 22. Rxf5 $3 $16 {
Vitolinsh-Shabalov, USSR 1990}) 21. Nxd6+ Bxd6 22. Bxd6 $146 {
Vitolinsh-Drilinsh, USSR 1990}) 14... dxe5 (14... Qxb2 {Tyomkin,D} 15. c4 $5 (
15. Nf6+ Nxf6 16. Bxf6 Qc3+ 17. Ke2 Rg8 18. Rb1 Bh6 $2 (18... Rxg2+ $142) 19.
g3 $16 {Solomon Stephen J-Leskiewicz Maksymilian/Ch Queensland, Brisbane 
(Australia) 1995/1-0(31)}) 15... Qxe5 16. cxd5 Bg7 $132 {Nataf-Hamdouchi/Nice,
1996/1-0(37)} (16... cxd5 $2 17. Bf6 Rxh2 18. Bxe5 Rxh1+ 19. Bf1 $18)) 15. Nf6+
Nxf6 16. Bxf6 Rh6 $1 $132 {1/2-1/2 Almasi,Z-Leko,P/Budapest 1997/CBM 62/
[Tyomkin,D] (25)}) 13... dxe5 {13...Qb2 looks dangerous, grabbing material but
bringing the queen away from the centre.} (13... Qxb2 14. Rb1 Qxa2 15. g6 $13 {
1/2-1/2 Kozlitin,O-Nagimov,A/Samara 2002/CBM 89 ext (54)}) 14. Qf3 $6 {White
transfers the queen to a more active position, not paying attention to the b2
pawn. 14.g6 deserved attention, with compensation for the sacrificed material.}
(14. g6 $5 fxg6 (14... f5 15. Qh5) 15. Qg4 Qe3+ 16. Be2 Nf4 17. Qf3 Qxe2+ 18.
Qxe2 Nxe2 19. Kxe2 g5 20. Bg3 Bg7 $44 {0-1 Ziatdinov,R-Loginov,V/Tashkent 1987/
EXT 2000 (50)}) (14. Bg3 hxg5 (14... Bg7 15. Nd6+ Ke7 16. Nc4 Qc7 17. Qg4 $40)
(14... Nf4 15. Qf3 Qxb2 16. Rd1 $146) 15. Bxe5 Rh4 $132 {1/2-1/2 Oll,L-Gelfand,
B/Debrecen 1989/CBM 14/[ChessBase] (32) '!?' Tyomkin,D.}) 14... hxg5 15. Bxg5
Qxb2 {Black, doesn't pay attention to the white threat and takes the pawn.} 16.
Rd1 f5 {An extra pawn in the centre and a centralized knight give black good
chances of defdning against the white attack.} 17. Bd3 {White tries to find
some chances to attack the black king.} (17. Nf6+ Kf7) 17... Be7 $1 {
Simplifying the position, and npt letting white to get any activity.} 18. Bxe7
Kxe7 $1 (18... fxe4 19. Bxe4 Kxe7 20. O-O) 19. Nd2 Qxc3 {Taking another pawn
and getting a large material advantage.} 20. O-O Bd7 {Finishing the
development and connecting rooks.} 21. Nc4 Rag8 {[%cal Rg8g2,Rh8h2] Targeting
the white king.} 22. Qe2 Qd4+ {White resigned as black has a huge positional
advantage besides the two extra pawns.} 0-1